000 01915cam a2200217 4500500
005 20250121132200.0
041 _afre
042 _adc
100 1 0 _aBonnivert, Antoine
_eauthor
245 0 0 _aAdolf of Waldeck as Provost of Utrecht (1286–1301): The Long Prelude to a Short Bishopric in Liège (1301–1302)
260 _c2017.
500 _a17
520 _aThis paper recounts the tumultuous journey of Adolf of Waldeck from his accession to the office of Provost of the Cathedral chapter of Utrecht ( ca 1286) to his appointment as Bishop of Liège (1301). During these fifteen years, he managed to climb to the highest spheres of power in the bishopric of Utrecht and to assert himself as the most powerful clergyman after the bishop. He carried out a policy of opposition to the bishops John of Nassau (1267–1290) and John van Sierck (1291–1296), with whom he had extremely contentious relations, but was an unfailing supporter of William Berthout (1296–1301). At Berthout’s death, Adolf attempted to gain the episcopal see by becoming the key player for the House of Dampierre, for which Berthout had been the spearhead in Utrecht and which was opposed to the candidacy of Guy van Avesnes, a representative of the House of Hainaut. Thus competition in Utrecht was one of the episodes in a much broader political struggle that tore apart the Dutch principalities. The House of Hainaut stood in opposition to the House of Flanders, with support from higher authorities (the Pope, the King of France, the King of England, and the King of the Romans) favoring one or the other.
690 _aDampierre
690 _aLiège
690 _aAdolf of Waldeck
690 _aAvesnes
690 _aUtrecht
786 0 _nLe Moyen Age | Volume CXXIII | 1 | 2017-11-06 | p. 81-111 | 0027-2841
856 4 1 _uhttps://shs.cairn.info/journal-le-moyen-age-2017-1-page-81?lang=en&redirect-ssocas=7080
999 _c571412
_d571412